000 00618nam a22001937a 4500
999 _c196850
_d196850
005 20230802121602.0
010 _aENG-137662
020 _a9788195391967
_c361.00
035 _aEN-121194
037 _bSriKrishna Techno Books
082 _a634.04954
100 _aChaitanya,K
245 _aProduction Technology /
_cby K.Chaitanya,K.Sravanthi
260 _aHyderabad
_bSriKrishna Techno Books
_c2022
270 _a326/C, Level - 7, Near B K Guda Park, S R Nagar, Hyderabad
_bHyderabad
_e500038
300 _a280p.
_bill.
_c24cm(pbk)
700 _aSravanthi,K
942 _2ddc
_cEN
_h634.04954
_mCHA